| 000 | 00573nam a22001937a 4500 | ||
|---|---|---|---|
| 003 | 0 | ||
| 005 | 20241114093412.0 | ||
| 008 | 241114b xxu||||| |||| 00| 0 eng d | ||
| 020 | _a978-0-7097-1924-3 | ||
| 082 |
_aM 372.7 _bR287 2011 |
||
| 245 | _aReading writing sums | ||
| 260 |
_aEngland : _bBrown Watson, _cc2011. |
||
| 300 |
_a213 p. : _bill. ; _c25 cm. |
||
| 650 | _aEducation, Primary | ||
| 650 |
_aArithmetic _vStudy and teaching (Primary) |
||
| 650 |
_aReading _vStudy and teaching (Primary) |
||
| 650 |
_aWriting _vStudy and teaching (Primary) |
||
| 942 |
_2ddc _cBK |
||
| 999 |
_c366707 _d366707 |
||